Library Banner

In the shadow of the sword (Record no. 48480)

MARC details
000 -LEADER
fixed length control field 00506nam a2200181Ia 4500
001 - CONTROL NUMBER
control field 50973
008 - FIXED-LENGTH DATA ELEMENTS--GENERAL INFORMATION
fixed length control field 140502s9999 xx 000 0 und d
020 ## - INTERNATIONAL STANDARD BOOK NUMBER
International Standard Book Number 9780385531351
040 ## - CATALOGING SOURCE
Transcribing agency PK-LaUMT
082 ## - DEWEY DECIMAL CLASSIFICATION NUMBER
Classification number 956.013
Item number HOL-S
100 ## - MAIN ENTRY--PERSONAL NAME
Personal name Holland, Tom
245 ## - TITLE STATEMENT
Title In the shadow of the sword
Remainder of title the birth of Islam and the rise of the global Arab empire
Statement of responsibility, etc Holland, Tom
260 ## - PUBLICATION, DISTRIBUTION, ETC. (IMPRINT)
Place of publication, distribution, etc New York,USA:
Name of publisher, distributor, etc Doubleday,
Date of publication, distribution, etc 2012
300 ## - PHYSICAL DESCRIPTION
Extent 526 p.
546 ## - LANGUAGE NOTE
Language note EN
650 ## - SUBJECT ADDED ENTRY--TOPICAL TERM
Topical term or geographic name as entry element Islamic empire-History
942 ## - ADDED ENTRY ELEMENTS (KOHA)
Koha item type Books
Holdings
Withdrawn status Lost status Damaged status Not for loan Home library Current library Date acquired Total Checkouts Full call number Barcode Date last seen Date checked out Price effective from Koha item type
        UMT Main Campus UMT Main Campus 2014-05-02 5 956.013 HOL-S 61146 2025-01-07 2024-12-13 2014-05-08 Books